Logo BPK

Biblioteka

Politechniki Koszalińskiej

Konferencja Naukowa "Metody doświadczalne w budownictwie i eksploatacji maszyn roboczych" : (Rekord nr 30067)

Szczegóły MARC
000 -ETYKIETA REKORDU
podpole kontrolne o stałej długości 00451nam a2200133 i 4500
001 - NUMER KONTROLNY REKORDU
pole kontrolne bg
040 ## - ŹRÓDŁO KATALOGOWANIA
Instytucja, która utworzyła rekord BPK
041 ## - KOD JĘZYKA
Kod języka tekstu pol
008 - POLE O STAŁEJ DŁUGOŚCI - DANE KONTROLNE
podpole kontrolne o stałej długości s pl f |000 0 pol
245 00 - TYTUŁ/ODPOWIEDZIALNOŚĆ
Tytuł Konferencja Naukowa "Metody doświadczalne w budownictwie i eksploatacji maszyn roboczych" :
Ciąg dalszy tytułu Wrocław, Szklarska Poręba 1993.
Oznaczenie części/sekcji dzieła T. 1.
246 ## - WARIANT TYTUŁU
Tytuł Metody doświadczalne w budownictwie i eksploatacji maszyn roboczych
260 ## - STREFA ADRESU WYDAWNICZEGO
Miejsce wydania Wrocław,
Data publikacji, dystrybucji/powstania dokumentu 1993.
856 ## - LOKALIZACJA I DOSTĘP DO ELEKTRONICZNYCH DOKUMENTÓW ZDALNYCH
Link (URL) http://koha.tu.koszalin.pl/cgi-bin/koha/opac-detail.pl?biblionumber=30067
Tekst linku Katalog online BPK
942 ## - DODATKOWE ELEMENTY (KOHA)
Typ dokumentu Książka
Egzemplarze
Wycofany Status egzemplarza Uszkodzony Dostępność Lokalizacja stała Lokalizacja bieżąca Miejsce przechowywania Sygnatura Kod kreskowy Typ dokumentu
      Dostępny Biblioteka Politechniki Koszalińskiej Biblioteka Politechniki Koszalińskiej Wypożyczalnia BG 36593 01593303 Książka
© 2023 Biblioteka Politechniki Koszalińskiej :: KOHA